000 00375nam a2200121Ia 4500
008 240731s9999 xx 000 0 und d
022 _a1932-5622
245 0 _aJournal of Aging, Humanities, and the Arts : Official Journal of the Gerontological Society of America
260 _bRoutledge
856 _uhttps://www.tandfonline.com/loi/uaha20
942 _2ddc
942 _cTFEJ
999 _c77419
_d77419
945 _a1
_bMadushi Gamage
_c1
_dMadushi Gamage